Central Library OPAC University of Rajshahi

Econometric models, techniques, and applications / (Record no. 42819)

MARC details
000 -LEADER
fixed length control field 00764nam a2200253 a 4500
001 - CONTROL NUMBER
control field 42819
003 - CONTROL NUMBER IDENTIFIER
rucl marc code BD-RjUL
005 - DATE AND TIME OF LATEST TRANSACTION
control field 20211209053610.0
008 - FIXED-LENGTH DATA ELEMENTS--GENERAL INFORMATION
fixed length control field 160616s1980 njua b 001 0 eng
020 ## - INTERNATIONAL STANDARD BOOK NUMBER
International Standard Book Number 0876921535 :
035 ## - SYSTEM CONTROL NUMBER
System control number (BD-RjUL)42937
040 ## - CATALOGING SOURCE
Original cataloging agency DLC
Transcribing agency DLC
Modifying agency DLC
-- BD-RjUL
Language of cataloging eng
041 ## - LANGUAGE CODE
Language code of text/sound track or separate title eng
082 00 - DEWEY DECIMAL CLASSIFICATION NUMBER
Classification number 330.015195
Edition number 23
Author mark and year INE 1980
100 1# - MAIN ENTRY--PERSONAL NAME
Personal name Intriligator, Michael D.
9 (RLIN) 131581
245 10 - TITLE STATEMENT
Title Econometric models, techniques, and applications /
Statement of responsibility, etc. Michael D. Intriligator.
260 ## - PUBLICATION, DISTRIBUTION, ETC. (IMPRINT)
Place of publication, distribution, etc. Englewood Cliffs, N.J. :
Name of publisher, distributor, etc. Prentice-Hall,
Date of publication, distribution, etc. c1980,
300 ## - PHYSICAL DESCRIPTION
Pagination xv, 638 p. :
Illustrations ill. ;
Size 24 cm.
500 ## - GENERAL NOTE
General note index.
650 #0 - SUBJECT ADDED ENTRY--TOPICAL TERM
Topical term or geographic name as entry element Econometrics.
9 (RLIN) 131069
Topical term or geographic name as entry element Econometrics
General subdivision Mathematical models.
9 (RLIN) 131582
942 ## - ADDED ENTRY ELEMENTS (KOHA)
Source of classification or shelving scheme Dewey Decimal Classification
Koha item type Books
Holdings
Lost status Source of classification or shelving scheme Damaged status Not for loan Permanent Location Current Location Shelving location Date acquired Source of acquisition Cost, normal purchase price Total Checkouts Full call number Date last seen Copy number Koha item type Collection code
  Dewey Decimal Classification     Central Library, University of Rajshahi Central Library, University of Rajshahi   04/08/1982 High Library 117.00   330.015195 INE 1980 16/06/2016 C-2 Books  
  Dewey Decimal Classification     Central Library, University of Rajshahi Central Library, University of Rajshahi   04/08/1982 Aligarh library, Rajshahi 117.00   330.015195 INE 1980 29/06/2016 C-3 Books Non-fiction
  Dewey Decimal Classification     Central Library, University of Rajshahi Central Library, University of Rajshahi   04/08/1982 Aligorh Library, Rajshahi 117.00   330.015195 INE 1980 01/08/2016 C-4 Books Non-fiction
  Dewey Decimal Classification   Not For Loan Central Library, University of Rajshahi Central Library, University of Rajshahi Reading Room 04/08/1982 Aligarh library, Rajshahi 117.00   330.015195 INE 1980 24/12/2016 C-1 Books Non-fiction